000
00296nam a2200121Ia 4500
008
241028s9999 xx 000 0 und d
041
_a
eng
082
_a
657.42 BOY
100
_a
Boyd
245
_a
Cost Accounting For Dummies
260
_b
Wiley India
_a
New Delhi
_c
2023
300
_a
432;. P. 23 cm
999
_c
43041
_d
43041